[Event "Kaluga Tsiolkovsky Memorial op"]
[Site "Kaluga"]
[Date "2014.08.09"]
[Round "8"]
[White "Alkaev, Roman"]
[Black "Kostin, Sergei Anatolievich"]
[Result "1-0"]
[WhiteElo "2177"]
[BlackElo "2321"]
[PlyCount "95"]
[EventDate "2014.08.02"]
[EventType "swiss"]
[EventRounds "8"]
[EventCountry "RUS"]
[SourceTitle "EXT 2023"]
[Source "ChessBase"]
[SourceDate "2022.10.05"]
[SourceVersion "1"]
[SourceVersionDate "2022.10.05"]
[SourceQuality "1"]

1. b3 c5 2. Bb2 Nc6 3. e3 Nf6 4. Nf3 e6 5. Bb5 Qc7 6. 0-0 Be7 7. d3 0-0 8. Bxc6 Qxc6 9. e4 b6 10. Ne5 Qc7 11. Ng4 Nxg4 12. Qxg4 f6 13. c4 Rf7 14. Nc3 Bb7 15. Rfe1 a6 16. Rad1 Bd6 17. Qh3 Be5 18. Rd2 Raf8 19. Nd1 f5 20. f3 f4 21. Qh4 Qd6 22. Bxe5 Qxe5 23. d4 cxd4 24. Qf2 Bc6 25. Qxd4 Qxd4+ 26. Rxd4 b5 27. Nb2 Rb8 28. cxb5 axb5 29. Nd3 Ra8 30. Re2 Rff8 31. Rc2 Ra7 32. Nb4 Rfa8 33. h4 h6 34. Kh2 Kf7 35. Kh3 Kf6 36. Rd6 Ke5 37. Rdd2 g5 38. Kg4 Kf6 39. hxg5+ hxg5 40. Rc5 Rg8 41. e5+ Kg6 42. Nxc6 dxc6 43. Rxc6 Re7 44. Rdd6 Kf7 45. Rb6 Ra8 46. Kxg5 Rxa2 47. Kxf4 Rxg2 48. Rxb5 1-0

[Event "Kaluga Tsiolkovsky Memorial op"]
[Site "Kaluga"]
[Date "2014.08.08"]
[Round "7"]
[White "Provotorov, Alexandr P"]
[Black "Alkaev, Roman"]
[Result "0-1"]
[WhiteElo "2345"]
[BlackElo "2177"]
[PlyCount "120"]
[EventDate "2014.08.02"]
[EventType "swiss"]
[EventRounds "8"]
[EventCountry "RUS"]
[SourceTitle "EXT 2023"]
[Source "ChessBase"]
[SourceDate "2022.10.05"]
[SourceVersion "1"]
[SourceVersionDate "2022.10.05"]
[SourceQuality "1"]

1. e4 c5 2. Nf3 Nc6 3. c3 d5 4. exd5 Qxd5 5. d4 Bg4 6. Be2 cxd4 7. cxd4 e6 8. Nc3 Qa5 9. h3 Bh5 10. 0-0 Nf6 11. Be3 Bd6 12. Qb3 Qb4 13. Qxb4 Nxb4 14. Nb5 Bb8 15. Rfc1 0-0 16. Nc7 Bxc7 17. Rxc7 Rab8 18. Rc4 Nc6 19. g4 Bg6 20. Ne5 Rfc8 21. Rac1 Be4 22. g5 Ne8 23. Nd7 Ra8 24. Nc5 Bd5 25. R4c3 Nb4 26. Bc4 Nd6 27. Bxd5 Nxd5 28. Rb3 b6 29. Nd3 Rxc1+ 30. Nxc1 Rc8 31. Ne2 Rc2 32. Nc3 Nxc3 33. Rxc3 Rxc3 34. bxc3 b5 35. Kf1 Ne4 36. c4 bxc4 37. d5 exd5 38. Bxa7 Kf8 39. a4 Ke7 40. h4 Kd7 41. Bd4 g6 42. Ke2 Kc6 43. Ke3 Nc5 44. a5 Nb3 45. Bc3 Kc5 46. Bb4+ Kc6 47. Bc3 Kb5 48. f3 Kc5 49. Bb4+ Kc6 50. Bc3 Kb5 51. f4 Kc5 52. Bb4+ Kc6 53. f5 d4+ 54. Kf4 c3 55. fxg6 fxg6 56. Ke4 Kb5 57. a6 Kxa6 58. Kd3 Kb5 59. Bxc3 dxc3 60. Kxc3 Kc5 0-1

[Event "Kaluga Tsiolkovsky Memorial op"]
[Site "Kaluga"]
[Date "2014.08.07"]
[Round "6"]
[White "Lopukhin, Anatoly Viktorovich"]
[Black "Alkaev, Roman"]
[Result "1/2-1/2"]
[WhiteElo "2329"]
[BlackElo "2177"]
[PlyCount "64"]
[EventDate "2014.08.02"]
[EventType "swiss"]
[EventRounds "8"]
[EventCountry "RUS"]
[SourceTitle "EXT 2023"]
[Source "ChessBase"]
[SourceDate "2022.10.05"]
[SourceVersion "1"]
[SourceVersionDate "2022.10.05"]
[SourceQuality "1"]

1. e4 e5 2. Nf3 Nf6 3. Nxe5 d6 4. Nf3 Nxe4 5. Qe2 Qe7 6. d3 Nf6 7. Bg5 Qxe2+ 8. Bxe2 Be7 9. Nc3 0-0 10. 0-0-0 c6 11. d4 d5 12. Ne5 h6 13. Bh4 Bf5 14. Bd3 Bxd3 15. Rxd3 Re8 16. f3 Nfd7 17. Bxe7 Rxe7 18. Nxd7 Nxd7 19. Rdd1 Rae8 20. Kd2 Nf8 21. Rhe1 Rxe1 22. Rxe1 Rxe1 23. Kxe1 Ne6 24. Ne2 Kf8 25. Kd2 Ke7 26. Ke3 Kd6 27. c3 b5 28. b4 a6 29. Nc1 f6 30. Nd3 Ke7 31. g4 g5 32. f4 Kd6 1/2-1/2

[Event "Voronezh op-B 18th"]
[Site "Voronezh"]
[Date "2014.06.17"]
[Round "6"]
[White "Alkaev, Roman"]
[Black "Protopopova, Anastasiya"]
[Result "1/2-1/2"]
[WhiteElo "2156"]
[BlackElo "1929"]
[PlyCount "42"]
[EventDate "2014.06.12"]
[EventType "swiss"]
[EventRounds "9"]
[EventCountry "RUS"]
[SourceTitle "EXT 2015"]
[Source "ChessBase"]
[SourceDate "2014.11.20"]
[SourceVersion "1"]
[SourceVersionDate "2014.11.20"]
[SourceQuality "1"]

1. e4 e5 2. Nf3 Nc6 3. Bb5 a6 4. Ba4 Nf6 5. Bxc6 dxc6 6. d3 Bd6 7. Nbd2 0-0 8. Nc4 Nd7 9. 0-0 Re8 10. b3 Nf8 11. Re1 b5 12. Ne3 c5 13. Bb2 f6 14. a4 Bd7 15. Nh4 g6 16. axb5 axb5 17. Rxa8 Qxa8 18. Qf3 Qd8 19. Nd5 Kg7 20. Ra1 c6 21. Ne3 Kg8 1/2-1/2

[Event "Voronezh op-B 17th"]
[Site "Voronezh"]
[Date "2013.06.19"]
[Round "8"]
[White "Alkaev, Roman"]
[Black "Elishev, Ivan"]
[Result "1/2-1/2"]
[WhiteElo "2106"]
[BlackElo "2179"]
[PlyCount "94"]
[EventDate "2013.06.12"]
[EventType "swiss"]
[EventRounds "9"]
[EventCountry "RUS"]
[SourceTitle "EXT 2014"]
[Source "ChessBase"]
[SourceDate "2013.11.20"]
[SourceVersion "1"]
[SourceVersionDate "2013.11.20"]
[SourceQuality "1"]

1. e4 c5 2. Nf3 d6 3. d4 cxd4 4. Nxd4 Nf6 5. Nc3 a6 6. Be3 Ng4 7. Bc1 Nf6 8. Be3 Ng4 9. Bc1 Nc6 10. h3 Nf6 11. Be3 Nxd4 12. Qxd4 e5 13. Qd2 Be6 14. f4 d5 15. exd5 Nxd5 16. Nxd5 Qxd5 17. Qxd5 Bxd5 18. fxe5 Rc8 19. 0-0-0 Bxa2 20. Be2 Bc5 21. Bxc5 Rxc5 22. Bf3 Rc7 23. Rd6 Be6 24. Rb6 Bc8 25. Bd5 0-0 26. c4 Re8 27. Re1 Be6 28. Kd2 Rd8 29. Rd6 Rdc8 30. Rxe6 fxe6 31. Bxe6+ Kf8 32. Bxc8 Rxc8 33. Re4 Ke7 34. Rh4 h6 35. Rg4 g5 36. h4 Ke6 37. Kd3 Kf5 38. Re4 gxh4 39. Rxh4 Kxe5 40. Rxh6 Rg8 41. Rh5+ Kd6 42. Rh6+ Kc5 43. b4+ Kxb4 44. Rb6+ Kc5 45. Rxb7 Rg3+ 46. Kc2 Kxc4 47. Kb1 Rxg2 1/2-1/2

[Event "Voronezh op-B 17th"]
[Site "Voronezh"]
[Date "2013.06.17"]
[Round "6"]
[White "Alkaev, Roman"]
[Black "Shuvalova, Polina"]
[Result "1/2-1/2"]
[WhiteElo "2106"]
[BlackElo "1983"]
[PlyCount "58"]
[EventDate "2013.06.12"]
[EventType "swiss"]
[EventRounds "9"]
[EventCountry "RUS"]
[SourceTitle "EXT 2014"]
[Source "ChessBase"]
[SourceDate "2013.11.20"]
[SourceVersion "1"]
[SourceVersionDate "2013.11.20"]
[SourceQuality "1"]

1. e4 c5 2. Nf3 g6 3. d4 cxd4 4. Nxd4 Bg7 5. c4 Nc6 6. Be3 Nf6 7. Nc3 d6 8. Be2 0-0 9. 0-0 Bd7 10. f3 Nxd4 11. Bxd4 Bc6 12. b4 b6 13. Qd2 Nd7 14. Be3 Rc8 15. Rac1 Bb7 16. Nd5 Ne5 17. Rfd1 Re8 18. Bf1 Ba6 19. b5 Bb7 20. Bd4 Nd7 21. Bxg7 Kxg7 22. Ne3 Qc7 23. Ng4 f6 24. Qh6+ Kh8 25. Kh1 Qc5 26. Qh4 Kg7 27. Qh6+ Kg8 28. Qh4 Kg7 29. Qh6+ Kg8 1/2-1/2

[Event "Voronezh op-B 17th"]
[Site "Voronezh"]
[Date "2013.06.16"]
[Round "5"]
[White "Soboleva, Anastasia"]
[Black "Alkaev, Roman"]
[Result "0-1"]
[WhiteElo "1940"]
[BlackElo "2106"]
[PlyCount "92"]
[EventDate "2013.06.12"]
[EventType "swiss"]
[EventRounds "9"]
[EventCountry "RUS"]
[SourceTitle "EXT 2014"]
[Source "ChessBase"]
[SourceDate "2013.11.20"]
[SourceVersion "1"]
[SourceVersionDate "2013.11.20"]
[SourceQuality "1"]

1. e4 c5 2. Nf3 Nc6 3. c3 d5 4. exd5 Qxd5 5. d4 Bg4 6. Be2 cxd4 7. cxd4 e6 8. Nc3 Qa5 9. 0-0 Nf6 10. Qb3 Qb4 11. Qxb4 Bxb4 12. Nb5 0-0 13. a3 Be7 14. Bg5 Rfd8 15. Rfd1 Nd5 16. Bxe7 Ncxe7 17. h3 Bh5 18. Rac1 Nf4 19. Kf1 Nc6 20. g4 Bg6 21. Ne5 Be4 22. h4 Bg2+ 23. Ke1 a6 24. Nxc6 Bxc6 25. Nc3 Ng2+ 26. Kf1 Nxh4 27. Bd3 Nf3 28. Ne2 Nh2+ 29. Kg1 Nxg4 30. Ng3 Nf6 31. Rc5 g6 32. Be2 Rd5 33. Rc3 Rd6 34. Bf3 Bxf3 35. Rxf3 Nd5 36. Ne4 Rc6 37. Kg2 Kg7 38. Rh1 h6 39. Nc5 Ne7 40. Nxb7 Rb6 41. Nc5 Rxb2 42. Ne4 Nf5 43. Rfh3 Rd8 44. Nc5 a5 45. Na4 Rd2 46. Rb1 R8xd4 0-1

[Event "Voronezh op-B 17th"]
[Site "Voronezh"]
[Date "2013.06.14"]
[Round "3"]
[White "Filippov, Vladimir Mikhailovi"]
[Black "Alkaev, Roman"]
[Result "1-0"]
[WhiteElo "1980"]
[BlackElo "2106"]
[PlyCount "71"]
[EventDate "2013.06.12"]
[EventType "swiss"]
[EventRounds "9"]
[EventCountry "RUS"]
[SourceTitle "EXT 2014"]
[Source "ChessBase"]
[SourceDate "2013.11.20"]
[SourceVersion "1"]
[SourceVersionDate "2013.11.20"]
[SourceQuality "1"]

1. Nf3 g6 2. g3 Bg7 3. d4 c5 4. c4 Nf6 5. Nc3 cxd4 6. Nxd4 0-0 7. Bg2 Nc6 8. 0-0 Nxd4 9. Qxd4 d6 10. b3 Ng4 11. Qd3 Qa5 12. Bd2 Qh5 13. h4 Ne5 14. Qe3 Qg4 15. Nd5 Qd7 16. Bc3 e6 17. Nb4 Qc7 18. Rad1 a6 19. Bd4 Re8 20. Bb6 Qe7 21. Rd2 d5 22. Nd3 Nxd3 23. Qxd3 Qb4 24. Bd4 dxc4 25. bxc4 Rd8 26. Bc3 Rxd3 27. Bxb4 Rxd2 28. Bxd2 Rb8 29. c5 Be5 30. Rb1 Kf8 31. Ba5 h6 32. e3 Ra8 33. f4 Bf6 34. Bxb7 Rb8 35. c6 Ke8 36. Bc7 1-0

[Event "Voronezh op-B 17th"]
[Site "Voronezh"]
[Date "2013.06.12"]
[Round "1"]
[White "Tkachenko, Evgeniy"]
[Black "Alkaev, Roman"]
[Result "0-1"]
[WhiteElo "2242"]
[BlackElo "2106"]
[PlyCount "98"]
[EventDate "2013.06.12"]
[EventType "swiss"]
[EventRounds "9"]
[EventCountry "RUS"]
[SourceTitle "EXT 2014"]
[Source "ChessBase"]
[SourceDate "2013.11.20"]
[SourceVersion "1"]
[SourceVersionDate "2013.11.20"]
[SourceQuality "1"]

1. d4 Nf6 2. c4 c5 3. d5 b5 4. cxb5 a6 5. b6 g6 6. Nc3 Qxb6 7. Nf3 d6 8. h3 Bg7 9. e4 0-0 10. Bd3 Ne8 11. 0-0 Nc7 12. Qc2 Nd7 13. Bd2 Bb7 14. Na4 Qa7 15. Bc3 Nf6 16. Ba5 Bc8 17. Nb6 Rb8 18. Nc4 Nh5 19. Rad1 Nf4 20. b3 Nb5 21. Bd2 Nxd3 22. Qxd3 Bd7 23. a4 Nd4 24. Nxd4 Bxd4 25. Bf4 Qb7 26. Rb1 f5 27. e5 Qxd5 28. Qg3 Rfe8 29. Rfd1 dxe5 30. Bxe5 Rb4 31. Bxd4 cxd4 32. Ne5 Qd6 33. f4 Bc6 34. Nxc6 Qxc6 35. Rd3 Qd5 36. Rbd1 e5 37. fxe5 Rxe5 38. Qf3 Re4 39. R1d2 Qe5 40. Qg3 f4 41. Qg4 Rb8 42. h4 f3 43. Qd7 Re1+ 44. Kf2 Re2+ 45. Rxe2 Qxe2+ 46. Kg3 Qxg2+ 47. Kf4 Rf8+ 48. Ke5 Qe2+ 49. Kd5 f2 0-1

[Event "Sochi Meetings op"]
[Site "Sochi"]
[Date "2012.07.28"]
[Round "7.2"]
[White "Aivazian, Grigory"]
[Black "Alkaev, Roman"]
[Result "1/2-1/2"]
[WhiteElo "1961"]
[BlackElo "2122"]
[PlyCount "64"]
[EventDate "2012.07.24"]
[EventType "swiss"]
[EventRounds "9"]
[EventCountry "RUS"]
[SourceTitle "EXT 2022"]
[Source "ChessBase"]
[SourceDate "2021.10.06"]
[SourceVersion "1"]
[SourceVersionDate "2021.10.06"]
[SourceQuality "1"]

1. e4 e5 2. Nf3 Nc6 3. Bb5 a6 4. Ba4 d6 5. 0-0 Bd7 6. c3 g6 7. d4 Bg7 8. Re1 Nge7 9. Be3 0-0 10. d5 Nb8 11. Bxd7 Nxd7 12. c4 h6 13. Nfd2 f5 14. f3 f4 15. Bf2 g5 16. Nc3 h5 17. b4 Nf6 18. c5 g4 19. Bh4 Qd7 20. Nc4 Rad8 21. Rc1 Ng6 22. Bg5 Rb8 23. Bxf6 Rxf6 24. cxd6 cxd6 25. Nb6 Qf7 26. Qe2 Nh4 27. Kh1 Rg6 28. Rg1 Bf8 29. Nca4 Rg5 30. Qe1 Ng6 31. Qc3 Nh4 32. Qe1 Ng6 1/2-1/2

[Event "Sochi Meetings op"]
[Site "Sochi"]
[Date "2012.07.25"]
[Round "3.2"]
[White "Alkaev, Roman"]
[Black "Safarian, Armen A"]
[Result "1/2-1/2"]
[WhiteElo "2122"]
[BlackElo "2141"]
[PlyCount "40"]
[EventDate "2012.07.24"]
[EventType "swiss"]
[EventRounds "9"]
[EventCountry "RUS"]
[SourceTitle "EXT 2022"]
[Source "ChessBase"]
[SourceDate "2021.10.06"]
[SourceVersion "1"]
[SourceVersionDate "2021.10.06"]
[SourceQuality "1"]

1. e4 c5 2. Nf3 e6 3. d4 cxd4 4. c3 dxc3 5. Nxc3 Nc6 6. Bc4 d6 7. 0-0 Be7 8. Qe2 Nf6 9. Rd1 e5 10. Be3 0-0 11. Rac1 Be6 12. Bxe6 fxe6 13. Qc4 Qc8 14. Ng5 Na5 15. Qa4 Nc6 16. Qc4 Na5 17. Qa4 Nc6 18. Qc4 Na5 19. Qa4 Nc6 20. Qc4 Na5 1/2-1/2